000 00912pam a2200289 a 4500
001 2350991
003 ARRUPE
005 20131008144044.0
008 830907s1985 caua b s001 0 eng
010 _a 83018221
020 _a0520048547
040 _aDLC
_cDLC
_dDLC
050 0 0 _aBL48
_b.S72 1984
100 1 _aStark, Rodney.
_92265
245 1 4 _aThe future of religion :
_bsecularization, revival, and cult formation /
_cRodney Stark and William Sims Bainbridge.
260 _aBerkeley :
_bUniversity of California Press,
_cc1985.
300 _avii, 571 p. :
_bill. ;
_c24 cm.
500 _aIncludes index.
504 _aBibliography: p. 531-557.
650 0 _aReligion.
_92266
650 0 _aSects.
_92267
650 0 _aCults.
_92268
650 0 _aSecularism.
_92269
700 1 _aBainbridge, William Sims.
_92270
906 _a7
_bcbc
_corignew
_d1
_eocip
_f19
_gy-gencatlg
942 _2lcc
_cMONOGRAPH
999 _c118285
_d118285